مكتبة جامعة عجلون الوطنية

فهرس بحث المكتبة

اثر استخدام طريقة التعلم التعاوني على التحصيل والدافعية نحو نعلم الرياضيات في الاردن=The Effect of using coperative learning on the academic achievement and its motivtion towards learning mathematics in jordon / (Record no. 29408)

MARC details
000 -LEADER
fixed length control field 01325nam a2200241Ii 4500
003 - CONTROL NUMBER IDENTIFIER
control field JO-AjNU
005 - DATE AND TIME OF LATEST TRANSACTION
control field 20240630094130.0
008 - FIXED-LENGTH DATA ELEMENTS--GENERAL INFORMATION
fixed length control field 230605s9999||||xx |||||||||||||| ||und||
040 ## - CATALOGING SOURCE
Original cataloging agency JO-AjNU
Language of cataloging ara
Description conventions rda
Transcribing agency JO-AjNU
041 ## - LANGUAGE CODE
Language code of text/sound track or separate title ara
050 14 - LIBRARY OF CONGRESS CALL NUMBER
Classification number QA11 2012
100 #1 - MAIN ENTRY--PERSONAL NAME
Personal name عبود، مصطفى احمد
Relator term معد
9 (RLIN) 65888
245 00 - TITLE STATEMENT
Title اثر استخدام طريقة التعلم التعاوني على التحصيل والدافعية نحو نعلم الرياضيات في الاردن=The Effect of using coperative learning on the academic achievement and its motivtion towards learning mathematics in jordon /
Statement of responsibility, etc. اعداد مصطفى احمد عبود ؛ إشراف احمد حسن القضاة
260 ## - PUBLICATION, DISTRIBUTION, ETC.
Date of publication, distribution, etc. 2012
300 ## - PHYSICAL DESCRIPTION
Extent 86 ورقة
336 ## - CONTENT TYPE
Content type term text
Content type code txt
Source rdacontent
337 ## - MEDIA TYPE
Media type term unmediated
Media type code n
Source rdamedia
338 ## - CARRIER TYPE
Carrier type term volume
Carrier type code nc
Source rdacarrier
500 ## - GENERAL NOTE
General note رسالة جامعية (ماجستير في مناهج الرياضيات واساليب التدريس)--جامعة ال البيت، كلية العلوم التربوية(المفرق)، 2012، يشتمل على جداول توضيحية
650 #4 - SUBJECT ADDED ENTRY--TOPICAL TERM
Topical term or geographic name entry element الرياضيات - التعليم التعاوني - طرق التدريس - الاردن
9 (RLIN) 57636
700 #1 - ADDED ENTRY--PERSONAL NAME
Personal name القضاة، أحمد حسن
9 (RLIN) 62613
Relator term مشرف
942 ## - ADDED ENTRY ELEMENTS (KOHA)
Source of classification or shelving scheme Library of Congress Classification
Koha item type Thesis
Holdings
Withdrawn status Lost status Source of classification or shelving scheme Damaged status Not for loan Home library Current library Shelving location Date acquired Total Checkouts Full call number Barcode Date last seen Price effective from Koha item type
    Library of Congress Classification     مكتبة جامعة عجلون الوطنية مكتبة جامعة عجلون الوطنية المراجع 30/06/2024   QA11 2012 A25840 06/06/2023 30/06/2024 Thesis